Answers Contain "Care" - Statistics

General Stats
  • This quiz has been taken 138 times
  • The average score is 5 of 13
Answer Stats
Hint Answer % Correct
Synonym of janitor or custodian caretaker
84%
Health insurance program for older people (U.S.) Medicare
69%
2010 significant regulatory overhaul of U.S. healthcare system Affordable Care Act
62%
1984 Wham!/George Michael song with saxophone Careless Whisper
62%
1985–1988 animated TV series Care Bears
54%
Warranty plan for an iPhone AppleCare+
52%
1996 protest song by Michael Jackson They Don't Care About Us
22%
2003 Eddie Murphy family comedy Daddy Day Care
19%
1974 song by Bachman-Turner Overdrive Takin' Care of Business
19%
1988 Traveling Wilburys single with George Harrison and Roy Orbison vocals Handle with Care
17%
2011 album and song by Drake Take Care
16%
1985 Faith No More song We Care a Lot
14%
1968 Pink Floyd instrumental Careful with that {Axe}, Eugene
10%
No matching quizzes found
Score Distribution
Percent of People with Each Score
Percentile by Number Answered
Your Score History
You have not taken this quiz